[Event "ITT Club Argentino"]
[Site "Buenos Aires ARG"]
[Date "2006.06.27"]
[Round "7"]
[White "Granara Barreto,S"]
[Black "Guerrero,Alv"]
[Result "1-0"]
[WhiteElo "2273"]
[BlackElo "2181"]

1.e4 d6 2.d4 Nf6 3.Nc3 e5 4.Nf3 Nbd7 5.Bc4 Be7 6.O-O O-O 7.Re1 c6 8.a4 b6
9.d5 c5 10.Qe2 a6 11.Ra3 Ne8 12.Nd1 Ndf6 13.Bg5 Ng4 14.Bxe7 Qxe7 15.Rb3 Qd8
16.Nd2 g6 17.h3 Nh6 18.Qe3 Kg7 19.f4 f6 20.Rf1 Nf7 21.Be2 Bd7 22.Ra3 exf4
23.Qxf4 Ne5 24.Ne3 b5 25.axb5 axb5 26.Rfa1 Rxa3 27.Rxa3 Qb6 28.Kh2 h6 29.Ndf1 b4
30.Ra1 Kh7 31.Ng3 Ng7 32.Ra6 Qb8 33.Qf2 Bc8 34.Ra1 Qc7 35.Nc4 Qe7 36.Nb6 Bb7
37.Ra7 Qc7 38.Nc4 Nxc4 39.Bxc4 Qb8 40.Ra1 Qe8 41.Qf4 Qd8 42.Bd3 Qe7 43.Ra7 Ra8
44.Rxa8 Bxa8 45.Nf1 Bb7 46.Ne3 Bc8 47.Nc4 Ne8 48.Qg3 Bd7 49.Nb6 Ng7 50.e5 fxe5
51.Qxg6+ Kg8 52.Qh7+ Kf8 53.Bg6  1-0

[Event "III Open"]
[Site "Sanxenxo ESP"]
[Date "2006.06.27"]
[Round "2"]
[White "Salgado Lopez,I"]
[Black "Torres Dominguez,D"]
[Result "1-0"]
[WhiteElo "2358"]
[BlackElo "2190"]

1.e4 d6 2.d4 Nf6 3.Nc3 c6 4.h3 e5 5.Nf3 Nbd7 6.a4 a5 7.Bc4 Be7 8.O-O O-O
9.Re1 h6 10.b3 Re8 11.Ba3 Bf8 12.Bf1 Qc7 13.Qd2 Nb6 14.Rad1 exd4 15.Qxd4 d5
16.Bxf8 Rxf8 17.e5 Nh7 18.Qc5 Be6 19.Nb5 Qd8 20.Nd6 Qc7 21.Nd4 Nd7 22.Qc3 Rad8
23.f4 Nb8 24.Kh1 Na6 25.Bxa6  1-0

[Event "II Open"]
[Site "Sort ESP"]
[Date "2006.06.27"]
[Round "2"]
[White "Mamedov,Nid"]
[Black "Llorente Zaro,A"]
[Result "1/2-1/2"]
[WhiteElo "2519"]
[BlackElo "2367"]

1.e4 d6 2.d4 Nf6 3.Nc3 e5 4.Nf3 Nbd7 5.Bc4 Be7 6.O-O O-O 7.Re1 c6 8.a4 a5
9.h3 exd4 10.Qxd4 Nc5 11.Be3 Ncxe4 12.Nxe4 d5 13.Nxf6+ Bxf6 14.Qf4 dxc4 15.Bc5 Re8
16.Bb6 Rxe1+ 17.Rxe1 Qf8 18.Bc5 Qd8 19.Bb6 Qf8 20.Ne5 Be6 21.c3 Qd6 22.Qe3 Bxe5  1/2-1/2

[Event "Suduroy International"]
[Site "Vagur AUT"]
[Date "2006.06.28"]
[Round "6"]
[White "Thorsteinsson,S"]
[Black "Ptacnikova,L"]
[Result "0-1"]
[WhiteElo "2067"]
[BlackElo "2183"]

1.e4 d6 2.d4 Nf6 3.Nc3 c6 4.Nf3 Bg4 5.Be2 e6 6.a4 d5 7.e5 Nfd7 8.O-O c5 9.dxc5 Bxc5
10.Nxd5 exd5 11.Qxd5 Nc6 12.Ng5 Be6 13.Nxe6 fxe6 14.Qxe6+ Qe7 15.Qh3 Ndxe5
16.c3 a5 17.Bf4 O-O 18.Bg3 Rae8 19.Rae1 Qf6 20.Kh1 Kh8 21.f3 Qf5 22.Qxf5 Rxf5
23.Bb5 Rd8 24.Re2 Nd3 25.b3 Rfd5 26.Bc7 Rc8 27.Bg3 Rf8 28.Bc4 Rd7 29.Rd2 Nde5
30.Rxd7 Nxd7 31.Re1 Nb6 32.Bd3 Nd5 33.c4 Ndb4 34.Be4 b6 35.h4 Nd4 36.Rd1 Re8
37.Kh2 Kg8 38.h5 h6 39.Kh3 Ne2 40.Rd7 Nxg3 41.Bg6 Rf8 42.Kxg3 Nc6 43.f4 Nd4
44.Kg4 Nxb3 45.Kf3 Nd4+ 46.Ke4 Ne2 47.f5 Nc3+ 48.Ke5 Nxa4 49.g4 Be3 50.Re7 Bg5
51.Rb7 Nc5 52.Ra7 Nd3+ 53.Kd6 Nb2 54.c5 bxc5 55.Ra6 Rf6+  0-1

[Event "II Perla Baltyku"]
[Site "Mielno POL"]
[Date "2006.06.29"]
[Round "10"]
[White "Gajdzica,M"]
[Black "Sokolowski,Ry"]
[Result "0-1"]
[WhiteElo "2034"]
[BlackElo "2159"]

1.d4 d6 2.e4 Nf6 3.Nc3 e5 4.Nf3 Nbd7 5.Bc4 Be7 6.O-O O-O 7.Qe2 c6 8.a4 a5
9.Ba2 Qb6 10.Rd1 h6 11.Nh4 exd4 12.Nf5 Re8 13.Rxd4 d5 14.Rd3 Nc5 15.Nxh6+ gxh6
16.Rg3+ Kh7 17.Qe3 Bf8 18.h3 Qc7 19.Bd2 Ncxe4 20.Rf3 Nxd2 21.Qxd2 Bg7 22.Qd3+ Kh8
23.Rd1 Be6 24.Ne2 Qe5 25.Ng3 Ne4 26.c3 f5 27.Nh5 Rg8 28.Nf4 Bf7 29.g3 Bf8
30.Kg2 Bc5 31.Bb1 Rg7 32.Qe2 Qf6 33.c4 Re8 34.Qc2 d4 35.Qb3 b6 36.Ne2 Bh5
37.Bxe4 Rxe4 38.g4 Rxe2  0-1

[Event "56th ch-RUS w Top League"]
[Site "Orel RUS"]
[Date "2006.06.29"]
[Round "1"]
[White "Meshcheriakova,E"]
[Black "Shumiakina,T"]
[Result "1/2-1/2"]
[WhiteElo "2203"]
[BlackElo "2341"]

1.e4 d6 2.d4 Nf6 3.Nc3 e5 4.Nf3 Nbd7 5.Bc4 Be7 6.O-O O-O 7.a4 c6 8.Ba2 b6
9.Re1 Bb7 10.h3 a6 11.d5 cxd5 12.Nxd5 Nxd5 13.Bxd5 Bxd5 14.Qxd5 Qc7 15.c4 Rfc8
16.b3 Nc5 17.Rb1 Qc6 18.Qxc6 Rxc6 19.Ba3 Kf8 20.Bxc5 Rxc5 21.Red1 g6 22.Ne1 Rcc8
23.Nd3 a5 24.Nc1 f5 25.Ne2 Kf7 26.Nc3 Ke6 27.Nd5 Bd8 28.f3 Ra7 29.Rd3 Rf7
30.Rbd1 Rc6 31.g3 h5 32.g4 f4 33.Kf2 h4 34.Ke2 g5 35.Rc3 Ra7 36.Rb1 Ra8 37.Kd3 Rc5
38.Kc2 Rac8 39.Kb2 R5c6 40.Rd1 Rc5 41.Rcd3 R5c6 42.Nc3 Be7 43.Nb5 Rd8 44.Na7  1/2-1/2

[Event "56th ch-RUS w Top League"]
[Site "Orel RUS"]
[Date "2006.06.30"]
[Round "2"]
[White "Fatalibekova,E"]
[Black "Avdeenko,T"]
[Result "1-0"]
[WhiteElo "2277"]
[BlackElo "2191"]

1.e4 d6 2.d4 Nf6 3.Nc3 e5 4.Nf3 Nbd7 5.g3 Be7 6.Bg2 O-O 7.O-O c6 8.a4 a5
9.b3 Re8 10.Bb2 Bf8 11.Re1 b6 12.d5 Bb7 13.dxc6 Bxc6 14.Nd2 Nc5 15.Nd5 Nxd5
16.exd5 Bd7 17.Nc4 Rb8 18.Qd2 Be7 19.f4 f6 20.Rf1 Qc8 21.Ba3 e4 22.f5 Bxf5
23.Qf4 Bg6 24.Nxd6 Bxd6 25.Qxd6 e3 26.Bxc5 bxc5 27.Rac1 c4 28.Rfe1 Qg4 29.bxc4 Qxc4
30.Qf4 Qc5 31.d6 Rb4 32.c4 Rb2 33.d7 Rxg2+ 34.Kxg2 Qc6+ 35.Kg1 Qxd7 36.Rxe3 Qxa4
37.Rxe8+ Qxe8 38.c5 Be4 39.c6 Kh8 40.c7 Bb7 41.Rd1 Bd5 42.Rxd5 Qe1+ 43.Kg2 Qe2+
44.Kh3 Qe6+ 45.Qf5  1-0

[Event "56th ch-RUS w Top League"]
[Site "Orel RUS"]
[Date "2006.07.01"]
[Round "3"]
[White "Pogonina,N"]
[Black "Kirillova,V"]
[Result "1/2-1/2"]
[WhiteElo "2440"]
[BlackElo "2225"]

1.e4 d6 2.d4 Nf6 3.Nc3 e5 4.Nf3 Nbd7 5.Bc4 Be7 6.O-O O-O 7.Re1 c6 8.a4 b6
9.d5 Bb7 10.dxc6 Bxc6 11.Bg5 h6 12.Bxf6 Nxf6 13.Qd3 Qc8 14.Nh4 Qb7 15.Nf5 Kh7
16.Nxd6 Bxd6 17.Qxd6 Rfe8 18.Bb5 Bxb5 19.axb5 Rad8 20.Qc6 Qe7 21.Qc4 Rd4
22.Qa2 Rd2 23.Rad1 Red8 24.Nd5 Nxd5 25.exd5 Qb4 26.Qxa7 R8xd5 27.Rxd2 Qxd2
28.Rf1 Qxc2 29.Qxb6 Qxb2 30.Qb7 Rxb5  1/2-1/2

[Event "III Open"]
[Site "Sanxenxo ESP"]
[Date "2006.07.01"]
[Round "6"]
[White "Abella Vazquez,Ce"]
[Black "Garcia Castro,P"]
[Result "0-1"]
[WhiteElo "2127"]
[BlackElo "2309"]

1.e4 d6 2.d4 Nf6 3.Nc3 Nbd7 4.Nf3 e5 5.Bc4 Be7 6.O-O O-O 7.a4 a5 8.b3 c6
9.Ba3 h6 10.Re1 Re8 11.Qd2 Qc7 12.Rad1 Nb6 13.Bf1 Bg4 14.h3 Bxf3 15.gxf3 Nh5
16.dxe5 dxe5 17.Bd6 Qd8 18.Bxe7 Qxe7 19.Qe3 Nd7 20.Ne2 Nc5 21.Rd2 Ne6 22.Red1 Rad8
23.Kh2 Nhf4 24.Rxd8 Rxd8 25.Rxd8+ Qxd8 26.Nxf4 Nxf4 27.Qc5 Qd2 28.Kg3 Ng6
29.Kh2 Nh4 30.Qe3 Qxe3 31.fxe3 Nxf3+ 32.Kg3 Ng5 33.Bg2 Ne6 34.h4 Kf8 35.Kf3 Ke7
36.Bh3 h5 37.Bf5 Kd6 38.Ke2 Nc5 39.Kf3 b5 40.axb5 cxb5 41.Bh3 Ne6 42.Bf1 Kc5
43.c4 b4 44.Bd3 f6 45.Kg3 Kd6 46.Be2 Nc5  0-1

[Event "Midnight Sun"]
[Site "Tromso NOR"]
[Date "2006.07.01"]
[Round "8"]
[White "Royset,P"]
[Black "Wuts,F"]
[Result "1-0"]
[WhiteElo "2228"]
[BlackElo "2321"]

1.e4 d6 2.d4 Nf6 3.Nc3 c6 4.Bg5 Nbd7 5.f4 Qb6 6.Rb1 e5 7.Nf3 Ng4 8.Qd2 h6
9.Bh4 exf4 10.Qxf4 Ndf6 11.Bxf6 Nxf6 12.Bc4 Qb4 13.Bb3 d5 14.O-O Be6 15.a3 Qa5
16.exd5 Nxd5 17.Bxd5 cxd5 18.Rbe1 O-O-O 19.Ne5 Bd6 20.b4 Qa6 21.Qd2 Bxe5
22.Rxe5 Qxa3 23.Nb5 Qa6 24.Qc3+ Kb8 25.Qg3 Kc8 26.Rxd5 Qb6 27.Rc5+ Kd7 28.Qxg7 Rhf8
29.Rc7+ Ke8 30.Qf6 Rd7 31.Rc8+ Rd8 32.Rc7 Rd7 33.Rc8+ Rd8 34.Rc5 a6 35.Nc7+ Kd7
36.Nd5 Qxc5 37.bxc5 Bxd5 38.Qxh6 Rg8 39.g3 Kc8 40.Qf4 Rge8 41.Qf2 Kb8 42.Re1 Rg8
43.Qf4+ Ka8 44.Re7 Rg6 45.Qc7 Rb8 46.Rd7 Rc6 47.Qa5 Be6 48.Rd8 Rcc8 49.Rd6 Bc4
50.Qb4 Be2 51.c4 Rc7 52.Qa4 Re7 53.c6 Bf3 54.d5  1-0

[Event "REDA IM"]
[Site "Brno CZE"]
[Date "2006.07.02"]
[Round "3"]
[White "Szymanski,M"]
[Black "Damia,A"]
[Result "1-0"]
[WhiteElo "2412"]
[BlackElo "2183"]

1.Nc3 d6 2.e4 Nf6 3.d4 e5 4.Nf3 Nbd7 5.Bc4 Be7 6.O-O O-O 7.Re1 c6 8.a4 a5
9.h3 Qc7 10.Be3 h6 11.Qd2 Re8 12.Bxh6 gxh6 13.Qxh6 d5 14.exd5 cxd5 15.Bxd5 Nxd5
16.Nxd5 Qd6 17.Nxe7+ Qxe7 18.Re4 Nf8 19.Rxe5 Qd8 20.Rg5+ Ng6 21.h4 Re6 22.h5 Raa6
23.hxg6 Rxg6 24.Re1  1-0

[Event "35th TCh-GRE"]
[Site "Ermioni GRE"]
[Date "2006.07.03"]
[Round "1"]
[White "Kourkounakis,I"]
[Black "Dimitrov,At"]
[Result "1-0"]
[WhiteElo "2379"]
[BlackElo "2288"]

1.e4 d6 2.d4 Nf6 3.Nc3 e5 4.f4 exd4 5.Qxd4 Be7 6.Be3 O-O 7.Nf3 c6 8.O-O-O Re8
9.h3 Bf8 10.e5 Nd5 11.Nxd5 cxd5 12.Qxd5 Nc6 13.Ng5 Qc7 14.Bc4 Nd8 15.Qd3 g6
16.Ne4  1-0

[Event "REDA IM"]
[Site "Brno CZE"]
[Date "2006.07.04"]
[Round "6"]
[White "Kulovana,E"]
[Black "Andonov,B"]
[Result "1-0"]
[WhiteElo "2131"]
[BlackElo "2416"]

1.e4 d6 2.d4 Nf6 3.Nc3 c6 4.Nf3 Bg4 5.Be2 e6 6.Bg5 Be7 7.e5 dxe5 8.dxe5 Nd5
9.Bxe7 Qxe7 10.Qd4 Bxf3 11.Bxf3 Nxc3 12.bxc3 Nd7 13.O-O O-O 14.Rab1 Nc5 15.Rb4 Na6
16.Ra4 Rfd8 17.Qe3 Qc5 18.Qxc5 Nxc5 19.Rd4 Kf8 20.Rb1 Rac8 21.Be2 Ke7 22.f4 Rc7
23.Bf3 b6 24.Rbd1 Nb7 25.R4d3 Rdd7 26.Kf2 Na5 27.Ke2 c5 28.g3 Nc4 29.Be4 h6
30.h4 Nb2 31.Rxd7+ Rxd7 32.Rxd7+ Kxd7 33.Bd3 Kc6 34.c4 a6 35.Be4+ Kc7 36.Bd3 Kc6
37.Be4+ Kd7 38.Bd3 Kc7 39.Kd2 Nxd3 40.Kxd3 b5 41.cxb5 axb5 42.c4 b4 43.Kc2 Kb6
44.Kb2 h5 45.Kc2 Ka6 46.Kb2 Ka5 47.Kb3 f6 48.f5 Kb6 49.fxe6 Kc6 50.exf6 gxf6
51.Ka4 Kd6 52.Kb5 Kxe6 53.Kxc5 Kf5 54.Kxb4  1-0

[Event "ch-SWE"]
[Site "Gothenburg SWE"]
[Date "2006.07.04"]
[Round "4"]
[White "Sagit,R"]
[Black "Agrest,E"]
[Result "1/2-1/2"]
[WhiteElo "2265"]
[BlackElo "2569"]

1.e4 d6 2.d4 Nf6 3.Nc3 e5 4.dxe5 dxe5 5.Qxd8+ Kxd8 6.Bg5 Bd6 7.O-O-O h6 8.Bh4 Nd7
9.Bc4 g5 10.Bg3 Ke7 11.h4 Nb6 12.hxg5 Nxc4 13.gxf6+ Kxf6 14.Nd5+ Ke6 15.Nf3 f6
16.Bh4 Rg8 17.Rh2 Rg6 18.Nxf6 Kf7 19.Nd5 c6 20.Nc3 Bg4 21.Rd3 Rag8 22.Bg3 Bxf3
23.Rxf3+ Ke6 24.Nb1 Be7 25.c3 Nd6 26.Kc2 Nxe4 27.Rh5 Bg5 28.Rh1 Nxg3 29.Rxg3 Rf6
30.f3 Rd8 31.Rg4 Rf4 32.Rxf4 Bxf4 33.g3 Bg5 34.Re1 Kf5 35.Re2 Rg8 36.Rh2 Rg6
37.Kd3 e4+ 38.Ke2 exf3+ 39.Kxf3 Rd6 40.Re2 Rd3+ 41.Kg2 b5 42.Na3 a6 43.Nc2 c5
44.Ne1 Rd1 45.Nf3 Bf6 46.Nd2 c4 47.Rf2+ Ke5 48.g4 Bg5 49.Rf5+ Ke6 50.Ne4 Rb1
51.b3 Rb2+ 52.Kf3 Rxa2 53.bxc4 bxc4 54.Rc5 Bc1 55.Rc6+ Ke7 56.Rxc4 a5 57.Nc5 Kd6
58.Na4 Bg5 59.Nb6 Rb2 60.Na4 Ra2 61.Nb6 Rb2 62.Na4 Rb5 63.Rc8 Kd7 64.Ra8 Re5
65.Ra6 Kc7 66.c4 Bd2 67.Ra7+ Kc6 68.Ra6+ Kc7 69.Ra7+ Kc6 70.Ra6+  1/2-1/2

[Event "REDA IM"]
[Site "Brno CZE"]
[Date "2006.07.06"]
[Round "8"]
[White "Mindeguia Guruceaga,J"]
[Black "Damia,A"]
[Result "1/2-1/2"]
[WhiteElo "2186"]
[BlackElo "2183"]

1.e4 d6 2.Nc3 e5 3.d4 Nf6 4.Nf3 Nbd7 5.Bc4 Be7 6.O-O O-O 7.h3 c6 8.a4 a5
9.Be3 Nxe4 10.Nxe4 d5 11.Nxe5  1/2-1/2

[Event "56th ch-RUS w Top League"]
[Site "Orel RUS"]
[Date "2006.07.06"]
[Round "8"]
[White "Korchenkova,I"]
[Black "Avdeenko,T"]
[Result "1/2-1/2"]
[WhiteElo "2013"]
[BlackElo "2191"]

1.e4 d6 2.d4 Nf6 3.Nc3 e5 4.dxe5 dxe5 5.Qxd8+ Kxd8 6.Bc4 Be6 7.Bxe6 fxe6
8.f3 a6 9.Be3 Bd6 10.Nh3 Ke7 11.Nf2 Nbd7 12.Ke2 h6 13.a4 b6 14.Rhb1 c5 15.Rd1 Nb8
16.Nb1 Nc6 17.c3 Rab8 18.Nd2 Na5 19.Rdb1 c4 20.b4 cxb3 21.Nxb3 Nc4 22.Nd2 Nxe3
23.Kxe3 Rbc8 24.Rb3 Rc6 25.Nd3 Nd7 26.Rab1 Rd8 27.Ke2 Kf6 28.Nf2 h5 29.Nd1 Rdc8
30.c4 Bc5 31.Ne3 Rd6 32.Rd3 Rxd3 33.Kxd3 Rc6 34.Ke2 Bxe3 35.Kxe3 Nc5 36.Ra1 Rd6
37.Ra3 g5 38.Ke2 Rd4 39.Ke3 h4 40.g3 Rd8 41.Ke2 a5 42.Nf1 Rd4 43.Nd2 Ke7
44.Ke3 Rd7 45.Ke2 Kd8 46.Ke3 Kc7 47.Ke2 hxg3 48.hxg3 Rd8 49.Nf1 Kc6 50.Ne3 Rd4
51.Ng4 Kd6 52.Ne3 g4 53.Nxg4 Rxc4 54.Nh6 Nd7 55.Ke3 Kc5 56.g4 Kb4 57.Rd3 Nf8
58.Nf7 Kxa4  1/2-1/2

[Event "56th ch-RUS w Top League"]
[Site "Orel RUS"]
[Date "2006.07.07"]
[Round "9"]
[White "Solovjova,V"]
[Black "Shumiakina,T"]
[Result "1/2-1/2"]
[WhiteElo "2265"]
[BlackElo "2341"]

1.e4 d6 2.d4 Nf6 3.Nc3 e5 4.Nf3 Nbd7 5.Bc4 Be7 6.O-O O-O 7.Re1 c6 8.a4 b6
9.Bg5 a6 10.d5 Bb7 11.dxc6 Bxc6 12.Bxf6 Nxf6 13.Nd5 Nxd5 14.Bxd5 Qc7 15.c4 Rfc8
16.b3 b5 17.axb5 axb5 18.Rxa8 Rxa8 19.cxb5 Bxd5 20.Qxd5 Rb8 21.h4 Qb7 22.Qxb7 Rxb7
23.Ra1 g6 24.Ra5 Kg7 25.h5 f5 26.Nd2 fxe4 27.Nxe4 d5 28.b6 dxe4 29.Ra7 Rxb6
30.Rxe7+ Kf6 31.Rxh7 Rxb3 32.h6 Rb8 33.Ra7 Kg5 34.h7 Kh6 35.Kf1 Rh8 36.Ke2 Rxh7
37.Rxh7+ Kxh7 38.Ke3 Kg7 39.Kxe4 Kf6 40.f4  1/2-1/2

[Event "REDA IM"]
[Site "Brno CZE"]
[Date "2006.07.08"]
[Round "10"]
[White "Kulovana,E"]
[Black "Damia,A"]
[Result "1-0"]
[WhiteElo "2131"]
[BlackElo "2183"]

1.e4 d6 2.d4 Nf6 3.Nc3 e5 4.dxe5 dxe5 5.Qxd8+ Kxd8 6.Bg5 Be6 7.O-O-O+ Nd7
8.f4 exf4 9.Nf3 h6 10.Bxf4 a6 11.Nd4 Bg4 12.Rd3 Bc5 13.e5 Nh5 14.Be3 Kc8
15.h3 Bxd4 16.hxg4 Bxe3+ 17.Rxe3 Nf4 18.g3 Ne6 19.Bc4 Re8 20.Rf1 Nd8 21.Rfe1 Ne6
22.Ne2  1-0

[Event "XXIV Andorra Open"]
[Site "Andorra la Vella AND"]
[Date "2006.07.10"]
[Round "3"]
[White "Roy Chowdhury,S"]
[Black "Galego,L"]
[Result "0-1"]
[WhiteElo "2394"]
[BlackElo "2528"]

1.e4 d6 2.d4 Nf6 3.Nc3 c6 4.Be3 Qa5 5.Bd3 e5 6.Nf3 Bg4 7.h3 Bh5 8.g4 Bg6
9.Bd2 Be7 10.O-O Nbd7 11.b4 Qc7 12.b5 O-O 13.g5 Nh5 14.bxc6 bxc6 15.d5 c5
16.Nh4 Qd8 17.Nf5 f6 18.h4 fxg5 19.hxg5 Nf4 20.Bxf4 exf4 21.Qf3 Bxg5 22.Nxd6 Bf6
23.Ncb5  0-1

[Event "Open"]
[Site "Condom FRA"]
[Date "2006.07.11"]
[Round "5"]
[White "Saada,J"]
[Black "Garrel,A"]
[Result "1/2-1/2"]
[WhiteElo "2257"]
[BlackElo "2144"]

1.d4 d6 2.e4 Nf6 3.Nc3 Nbd7 4.g4 h6 5.h3 c6 6.Bg2 e5 7.Nge2 Qc7 8.O-O b5
9.a3 Bb7 10.Be3 g6 11.Qd2 Bg7 12.f4 a6 13.Rf2 exd4 14.Nxd4 O-O 15.Rd1 Rfe8
16.Nde2 Nb6 17.b3 Rad8 18.Ng3 d5 19.Bxb6 Qxb6  1/2-1/2

[Event "Open"]
[Site "Kavala GRE"]
[Date "2006.07.11"]
[Round "9"]
[White "Rozentalis,E"]
[Black "Sitnikov,A"]
[Result "1/2-1/2"]
[WhiteElo "2605"]
[BlackElo "2459"]

1.e4 d6 2.d4 Nf6 3.Nc3 Nbd7 4.g3 e5 5.Nge2 Be7 6.Bg2 O-O 7.O-O Re8 8.f4 c6
9.h3 b5 10.a3 Bb7 11.g4 h6 12.Be3 Bf8 13.Ng3 exd4 14.Bxd4 a5 15.Re1 b4 16.Nb1 c5
17.Bf2 Nb6 18.b3 d5 19.e5 Ne4 20.Nxe4 dxe4 21.Qxd8 Rexd8 22.Bxe4 Bxe4 23.Rxe4 Rd1+
24.Re1 Rad8 25.Kf1 Rxe1+ 26.Kxe1 Nd5 27.axb4 axb4 28.Bg3 c4 29.bxc4 Ne3 30.Ra2 Nxc4
31.Ke2 g5 32.Ra6 Rd4 33.f5 Nxe5 34.Nd2 Nc4 35.Be1 Na3 36.Rc6 Bd6 37.Bf2 Rd5
38.Ne4 Be5 39.Be1 Rd4 40.Nf2 Bg3 41.c3 Rf4 42.cxb4 Nb5 43.Rxh6 Kg7 44.Rb6 Nd4+
45.Kd3 Nxf5 46.Bc3+ Kf8 47.Ne4 Rf3+ 48.Kc4 Ne3+ 49.Kc5 Bf4 50.Rh6 f5 51.gxf5 Nxf5
52.Rh8+ Kf7 53.Bd2 Ng3 54.Nxg3 Bxd2 55.Ne4 Bxb4+ 56.Kxb4  1/2-1/2

[Event "II Int Open"]
[Site "Alajuela CRC"]
[Date "2006.07.12"]
[Round "2"]
[White "Munoz,Ca"]
[Black "Akobian,V"]
[Result "0-1"]
[WhiteElo "2028"]
[BlackElo "2567"]

1.e4 d6 2.d4 Nf6 3.Nc3 c6 4.Be3 Qb6 5.Qd2 Qxb2 6.Rb1 Qa3 7.h3 e6 8.Nf3 d5
9.e5 Nfd7 10.Bd3 Bb4 11.Rb3 Qa5 12.O-O Bxc3 13.Qxc3 Qxc3 14.Rxc3 Nb6 15.Nd2 Na4
16.Rb3 b5 17.f4 Nd7 18.f5 exf5 19.Bxf5 Ndb6 20.Bg5 h6 21.Bh4 Bxf5 22.Rxf5 a5
23.Rbf3 Ra7 24.Be1 O-O 25.g4 Re8 26.Kf1 Nc4 27.Nxc4 dxc4 28.g5 h5 29.Rg3 Re6
30.Rgf3 b4 31.a3 c3 32.axb4 axb4 33.R5f4 Nb6 34.Rf2 Nd5 35.R4f3 Rc7 36.h4 c5
37.dxc5 Rxe5 38.Re2 Rxe2 39.Kxe2 Rxc5 40.Bf2 Rc4 41.Kd1 Nf4  0-1

[Event "Inautomarket Open"]
[Site "Minsk BLR"]
[Date "2006.07.13"]
[Round "4"]
[White "Romanov,E"]
[Black "Gabdrakhmanov,R"]
[Result "1-0"]
[WhiteElo "2481"]
[BlackElo "2414"]

1.e4 d6 2.d4 Nf6 3.Nc3 e5 4.Nf3 Nbd7 5.Bc4 Be7 6.O-O O-O 7.a4 c6 8.Ba2 Qe8
9.Re1 Bd8 10.h3 Ba5 11.Bd2 Kh8 12.dxe5 dxe5 13.Nb5 Bxd2 14.Nd6 Qe7 15.Qxd2 Ne8
16.Rad1 Nxd6 17.Qxd6 Qxd6 18.Rxd6 f6 19.a5 Re8 20.Bf7 Rf8 21.Bc4 Re8 22.b4 Nf8
23.Red1 Be6 24.Bxe6 Nxe6 25.a6 bxa6 26.Rxc6 Kg8 27.Rxa6 Re7 28.Rc6 Kf7 29.Rd5 Nf4
30.Ra5 Rd8 31.Kh2 Rd1 32.g3 Ne6 33.c3 Rc1 34.Rd5 Rb7 35.Kg2 Ke7 36.Nxe5 Nd8
37.Nd3 Nxc6 38.Nxc1 Rb8 39.Nd3 Ke8 40.Rc5 Kd7 41.f4 Kd6 42.Kf3 a5 43.e5+ fxe5
44.fxe5+ Kd7 45.bxa5 Ra8 46.Ke4 Nxa5 47.Kd5 Nb3 48.e6+ Ke8 49.Rc7 Rd8+ 50.Rd7 Rc8
51.c4 Na5 52.Ne5 Nb3 53.Rxg7  1-0

[Event "6th TCh-Euro u18"]
[Site "Balatonlelle HUN"]
[Date "2006.07.14"]
[Round "3"]
[White "Sarenac,D"]
[Black "Toth,Al"]
[Result "0-1"]
[WhiteElo "2203"]
[BlackElo "2280"]

1.e4 d6 2.d4 Nf6 3.Nc3 e5 4.Nf3 Nbd7 5.Bc4 Be7 6.O-O O-O 7.Re1 c6 8.a4 b6
9.d5 c5 10.h3 a6 11.Be3 Re8 12.Qd2 Nf8 13.Kh2 Ng6 14.g4 h6 15.b3 Nh7 16.Ne2 Ng5
17.Nxg5 hxg5 18.Ng3 Nf4 19.b4 g6 20.bxc5 bxc5 21.f3 Kg7 22.Ne2 Rh8 23.Ng1 f5
24.Kg3 Qg8 25.Bxf4 gxf4+ 26.Kg2 Qh7 27.Qe2 Qh4 28.Reb1 fxg4 29.fxg4 Qg3+
30.Kf1 f3 31.Qf2 Rxh3 32.Qxg3 Rxg3 33.Kf2 Rxg4 34.Kxf3 Rf4+ 35.Ke3 Rg4 36.Ne2 Rh4
37.Rh1 Rxh1 38.Rxh1 Rb8 39.Kd3 Rb4 40.Ra1 a5 41.Nc3 g5 42.Nb5 Bd7 43.c3 Rb2
44.Na7 g4 45.Nc6 Bg5 46.Ra2 Rxa2 47.Bxa2 g3  0-1

[Event "XXIV Andorra Open"]
[Site "Andorra la Vella AND"]
[Date "2006.07.16"]
[Round "9"]
[White "Spraggett,K"]
[Black "Comas Fabrego,L"]
[Result "1/2-1/2"]
[WhiteElo "2577"]
[BlackElo "2495"]

1.e4 d6 2.d4 Nf6 3.Nc3 e5 4.Nge2 c6 5.f3 h5 6.Be3 Be7 7.Qd2 b5 8.dxe5 dxe5
9.Qxd8+ Kxd8 10.a4 b4 11.Nb1 Be6 12.Nd2 Nbd7 13.Nc1 Bc5 14.Kf2 Bxe3+ 15.Kxe3 Ne8
16.Bc4 Rh6 17.Nd3 Rb8 18.Rhc1 Nd6 19.Bxe6 Rxe6 20.c3 bxc3 21.Rxc3 c5 22.b3 Nb7
23.a5 a6 24.g3 h4 25.f4 hxg3 26.hxg3 exf4+ 27.gxf4 Rh6 28.e5 Rh3+ 29.Nf3 f6
30.Rd1 Ke8 31.Rg1 fxe5 32.fxe5 Nxa5 33.Nf4 Rh6 34.Rxg7 Rxb3 35.Rxb3 Nxb3
36.Rg8+ Nf8 37.Nd5 Nd4 38.Nxd4 Rg6 39.Nf6+ Ke7 40.Nd5+  1/2-1/2

[Event "ch-Paris"]
[Site "Paris FRA"]
[Date "2006.07.16"]
[Round "9"]
[White "Vachier Lagrave,M"]
[Black "Fridman,D2"]
[Result "0-1"]
[WhiteElo "2577"]
[BlackElo "2569"]

1.e4 d6 2.d4 Nf6 3.Nc3 e5 4.dxe5 dxe5 5.Qxd8+ Kxd8 6.Bc4 Ke8 7.Nf3 Bd6 8.Bg5 Nbd7
9.O-O-O a6 10.a4 b6 11.Rhe1 Bb7 12.Nh4 g6 13.f4 Ng4 14.f5 f6 15.Be3 g5 16.Nf3 Nxe3
17.Rxe3 Be7 18.Bf7+ Kxf7 19.Rxd7 Rac8 20.Nd5 Bxd5 21.Rxd5 Rhd8 22.Red3 Rxd5
23.Rxd5 Bd6 24.a5 b5 25.c4 bxc4 26.Nd2 Ke7 27.Nxc4 Bb4 28.Kc2 h5 29.Rd3 Bc5
30.Nd2 Bb4 31.Nb3 Rb8 32.Rh3 h4 33.g3 Rh8 34.gxh4 g4 35.Rg3 Rxh4 36.Kd3 c5
37.Kc4 Kd6 38.Nc1 Be1 39.Rd3+ Kc6 40.Rd8 g3 41.hxg3 Rxe4+ 42.Kd3 Rb4 43.Rf8 Rxb2
44.Ne2 e4+ 45.Ke3 Kd5 46.Rd8+ Ke5 47.Re8+ Kxf5 48.g4+ Kxg4 49.Rxe4+ Kf5 50.Rf4+ Ke5
51.Re4+ Kf5 52.Rf4+ Ke5 53.Re4+ Kd6 54.Kd3 f5  0-1

[Event "6th Open"]
[Site "Saint Chely d'Aubrac FRA"]
[Date "2006.07.17"]
[Round "4"]
[White "Lagunes,R"]
[Black "Sauvan,O"]
[Result "1-0"]
[WhiteElo "1803"]
[BlackElo "2017"]

1.e4 d6 2.d4 Nf6 3.Nc3 Nbd7 4.Bc4 e5 5.Nf3 Be7 6.O-O O-O 7.Be3 c6 8.Bb3 Qc7
9.Qe2 h6 10.Nh4 Nxe4 11.Ng6 Nxc3 12.Nxe7+ Kh8 13.bxc3 Nf6 14.Nxc8 Raxc8 15.f4 Rce8
16.Qf3 Qa5 17.fxe5 dxe5 18.Bxh6 exd4 19.Bxg7+ Kxg7 20.Qxf6+ Kh7 21.Rf5  1-0

[Event "6th TCh-Euro u18"]
[Site "Balatonlelle HUN"]
[Date "2006.07.18"]
[Round "7"]
[White "Stokes,I"]
[Black "Levin,Ev"]
[Result "0-1"]
[WhiteElo "2017"]
[BlackElo "2336"]

1.e4 d6 2.d4 Nf6 3.Nc3 Nbd7 4.Nf3 e5 5.dxe5 dxe5 6.Bc4 Bb4 7.Bg5 c6 8.O-O O-O
9.Qe2 h6 10.Bh4 Qe7 11.Nd1 b5 12.c3 Bd6 13.Bd3 Nc5 14.Bc2 Ne6 15.Bxf6 Qxf6
16.g3 g6 17.Ne3 Ng5 18.Nxg5 hxg5 19.Ng4 Qe7 20.Rad1 a5 21.a4 b4 22.cxb4 axb4
23.Bb3 Bc5 24.Qf3 Bd4 25.Ne3 Bxb2 26.Nc4 Bd4 27.Rfe1 Kg7 28.Rxd4 exd4 29.e5 Be6
30.Ra1 Bxc4 31.Bxc4 Qxe5 32.Qxc6 Rfc8 33.Qb7 Qc7 34.Bd5 Rab8 35.Qxc7 Rxc7
36.a5 b3 37.Be4 b2 38.Rb1 Rc1+ 39.Kg2 Rxb1 40.Bxb1 Ra8  0-1

[Event "US Junior"]
[Site "Dallas USA"]
[Date "2006.07.18"]
[Round "5"]
[White "Ludwig,D"]
[Black "Gulamali,K"]
[Result "0-1"]
[WhiteElo "2391"]
[BlackElo "2302"]

1.e4 d6 2.d4 Nf6 3.Nc3 Nbd7 4.Nge2 e5 5.g3 Be7 6.Bg2 O-O 7.O-O c6 8.a4 b6
9.h3 Bb7 10.g4 Ne8 11.f4 Nc7 12.Be3 exf4 13.Nxf4 Ba6 14.Nce2 Bg5 15.Qd2 Nf6
16.Nd3 Bxe3+ 17.Qxe3 d5 18.e5 Nd7 19.Ng3 g6 20.Rae1 Ne6 21.Rf2 Qh4 22.Kh2 Bxd3
23.Qxd3 Rae8 24.c4 dxc4 25.Qxc4 c5 26.d5 Nd4 27.e6 Nf6 28.Rf4 fxe6 29.dxe6 Kg7
30.Re5 h5 31.e7 Rh8 32.Ref5 Nxf5 33.gxf5 Ng4+ 34.Kg1 Qxe7 35.hxg4 Qe3+ 36.Rf2 Qxg3
37.f6+ Kh6 38.g5+ Qxg5 39.Qf7 Re1+ 40.Rf1 Rxf1+ 41.Kxf1 Qc1+ 42.Kf2 Qxb2+
43.Kg1 Qd4+ 44.Kh1 Qh4+ 45.Kg1 Rd8  0-1

[Event "Czech Open A"]
[Site "Pardubice CZE"]
[Date "2006.07.21"]
[Round "1"]
[White "Havlik,Ja"]
[Black "Schebler,G"]
[Result "1/2-1/2"]
[WhiteElo "2289"]
[BlackElo "2499"]

1.e4 d6 2.d4 Nf6 3.Nc3 e5 4.Nf3 Nbd7 5.Bc4 Be7 6.Be3 O-O 7.h3 c6 8.Bb3 b5
9.a3 a6 10.g4 c5 11.dxc5 dxc5 12.g5 Ne8 13.Bd5 Rb8 14.Bc6 Bd6 15.Nd5 Nc7
16.Nh4 Nxd5 17.Bxd5 Nb6 18.Nf5 Bxf5 19.exf5 Be7 20.Be4 Bxg5 21.Qxd8 Bxd8
22.Bxc5 Re8 23.Bc6 Rc8 24.Bxe8 Rxc5 25.O-O-O Bg5+ 26.Kb1 Kf8 27.Rd6 Nc4 28.Rc6 Rd5
29.Rc8 Ke7 30.Bc6 Rd6 31.Rg1 Kf6 32.Rc7 e4 33.Be8 Ne5 34.Re1 Rd4 35.c3 Rd2
36.Rxe4 Rxf2 37.Bxf7 Nd3 38.Be6 Rf1+ 39.Kc2 Rf2+ 40.Kb1 Rf1+  1/2-1/2

[Event "Czech Open A"]
[Site "Pardubice CZE"]
[Date "2006.07.21"]
[Round "1"]
[White "Carlsson,P"]
[Black "Cherednichenko,S"]
[Result "1-0"]
[WhiteElo "2453"]
[BlackElo "2255"]

1.e4 d6 2.d4 Nf6 3.Nc3 e5 4.Nf3 Nbd7 5.Bc4 Be7 6.O-O O-O 7.Re1 c6 8.a4 b6
9.d5 cxd5 10.Nxd5 Bb7 11.b3 Rc8 12.Re2 Nxd5 13.Bxd5 Bxd5 14.Qxd5 Nf6 15.Qd1 d5
16.exd5 e4 17.Ng5 Qxd5 18.Qxd5 Nxd5 19.Nxe4 f5 20.c4 fxe4 21.cxd5 Bc5 22.Be3 Bxe3
23.Rxe3 Rc2 24.Rf1 Rd2 25.Rxe4 Rxd5 26.Rc1 Rfd8 27.h4 R8d7 28.Rc3 a5 29.Rc8+ Kf7
30.Rb8 R5d6 31.Re5 Rf6 32.Rb5 Rd1+ 33.Kh2 Rxf2 34.R8xb6 Rdd2 35.Rb7+ Kg8
36.Rb8+ Kf7 37.R8b7+ Kf8 38.Rg5 Rb2 39.Kh3 Rf7 40.Rb8+ Ke7 41.Rxa5 Rf1 42.Ra7+ Ke6
43.Rxg7 Rh1+ 44.Kg3 Kf6 45.Rg5 Rd2 46.Rb6+ Kf7 47.Rb7+ Kf6 48.Rb6+ Kf7 49.Rf5+ Kg7
50.a5 Rd3+ 51.Rf3 Rd4 52.Rc3  1-0